Alle Sieger von F1-Rennen in Österreich - Statistiken

Allgemein
  • Dieses Quiz wurde 312 mal gespielt
    189 seit der letzten Aktualisierung
  • Das Durchschnittsergebnis liegt bei 24 aus 39
Antwortstatistiken
Nr. Jahr Strecke Konstrukteur Nationalität Fahrer % Korrekt
30 2016 Spielberg Mercedes GBR Lewis Hamilton
100%
35 2020 Spielberg Mercedes GBR Lewis Hamilton
100%
32 2018 Spielberg Red Bull NED Max Verstappen
99%
33 2019 Spielberg Red Bull NED Max Verstappen
99%
36 2021 Spielberg Red Bull NED Max Verstappen
99%
37 2021 Spielberg Red Bull NED Max Verstappen
99%
39 2023 Spielberg Red Bull NED Max Verstappen
99%
26 2002 Spielberg Ferrari GER Michael Schumacher
96%
27 2003 Spielberg Ferrari GER Michael Schumacher
96%
31 2017 Spielberg Mercedes FIN Valtteri Bottas
96%
34 2020 Spielberg Mercedes FIN Valtteri Bottas
96%
38 2022 Spielberg Ferrari MCO Charles Leclerc
94%
28 2014 Spielberg Mercedes GER Nico Rosberg
94%
29 2015 Spielberg Mercedes GER Nico Rosberg
94%
17 1984 Spielberg McLaren AUT Niki Lauda
92%
22 1998 Spielberg McLaren FIN Mika Häkkinen
82%
24 2000 Spielberg McLaren FIN Mika Häkkinen
82%
16 1983 Spielberg Renault FRA Alain Prost
74%
18 1985 Spielberg McLaren FRA Alain Prost
74%
19 1986 Spielberg McLaren FRA Alain Prost
74%
21 1997 Spielberg Williams CAN Jacques Villeneuve
67%
25 2001 Spielberg McLaren GBR David Coulthard
56%
20 1987 Spielberg Williams GBR Nigel Mansell
52%
5 1972 Spielberg Lotus BRA Emerson Fittipaldi
46%
1 1963 Zeltweg Brabham AUS Jack Brabham
46%
23 1999 Spielberg Ferrari IRL Eddie Irvine
44%
10 1977 Spielberg Shadow AUS Alan Jones
34%
12 1979 Spielberg Williams AUS Alan Jones
34%
3 1970 Spielberg Ferrari BEL Jacky Ickx
34%
7 1974 Spielberg Brabham ARG Carlos Reutemann
29%
6 1973 Spielberg Lotus SWE Ronnie Peterson
28%
11 1978 Spielberg Lotus SWE Ronnie Peterson
28%
14 1981 Spielberg Ligier FRA Jacques Laffite
17%
15 1982 Spielberg Lotus ITA Elio de Angelis
14%
4 1971 Spielberg B.R.M. SUI Jo Siffert
14%
13 1980 Spielberg Renault FRA Jean-Pierre Jabouille
11%
9 1976 Spielberg Penske GBR John Watson
11%
8 1975 Spielberg March ITA Vittorio Brambilla
11%
2 1964 Zeltweg Ferrari ITA Lorenzo Bandini
9%
Keine übereinstimmenden Quizze gefunden
Verteilung der Resultate
Anzahl Personen mit jedem Resultat
Perzentil nach korrekt beantworteten Fragen
Ihre Resultats-Entwicklung
Sie haben dieses Quiz seit der letzten Aktualisierung nicht gespielt